[Event "Turkey Cup 2019"]
[Site "Belek"]
[Date "2019.01.31"]
[Round "7.85"]
[White "Acar, Ozgur"]
[Black "Yilmaz, Mehmet Berat"]
[Result "1-0"]
[WhiteElo "1798"]
[BlackElo "1374"]
[Annotator "NA"]
[PlyCount "137"]
[EventDate "2019.01.27"]
[EventType "swiss"]
[EventCountry "TUR"]
[SourceTitle "playchess.com"]
[Source "ChessBase"]
[SourceQuality "1"]

1. d4 Nf6 2. c4 Nc6 3. d5 Ne5 4. Qc2 e6 5. e4 Ng6 6. a3 Bc5 7. h3 d6 8. Bd3 a6 9. b4 Ba7 10. Bb2 e5 11. Ne2 O-O 12. g3 Nh5 13. Nd2 Qf6 14. c5 Bd7 15. O-O-O b6 16. c6 Bc8 17. f4 b5 18. Rdf1 Qe7 19. f5 Nh8 20. g4 Nf6 21. Ng3 h6 22. Qd1 Be3 23. Qf3 Bf4 24. Ne2 Bxd2+ 25. Kxd2 a5 26. Bc3 axb4 27. Bxb4 Ba6 28. Nc3 Rab8 29. Qe2 Rfe8 30. Rb1 Nh7 31. h4 g5 32. h5 Nf6 33. Bxb5 Bxb5 34. Nxb5 Nxe4+ 35. Qxe4 Rxb5 36. Bxd6 Qxd6 37. Rxb5 Qxa3 38. Rhb1 f6 39. Qd3 Qa7 40. Qe3 Qa2+ 41. R1b2 Qa4 42. R5b4 Qa5 43. Qd3 Rd8 44. Kc2 Rxd5 45. Qc4 Nf7 46. Ra2 Qc5 47. Ra8+ Kg7 48. Qxc5 Rxc5+ 49. Kd3 Rxc6 50. Rbb8 Rd6+ 51. Ke3 Rd7 52. Rg8+ Kh7 53. Rg6 Nd6 54. Rxf6 Nc4+ 55. Kf2 e4 56. Ke1 Ne3 57. Re6 Nxg4 58. Rxe4 Nf6 59. Re6 Nxh5 60. Raa6 Nf4 61. Rxh6+ Kg7 62. Rhc6 Rf7 63. Ra5 Ng2+ 64. Kf2 Nh4 65. Rcc5 Kh6 66. Kg3 Kh5 67. f6 Ng6 68. Rxg5+ Kh6 69. Rh5# 1-0

[Event "Turkey Cup 2019"]
[Site "Belek"]
[Date "2019.01.31"]
[Round "7.87"]
[White "Kavukcu, Mustafa"]
[Black "Deveci, Halit"]
[Result "1-0"]
[WhiteElo "1729"]
[BlackElo "1621"]
[Annotator "NA"]
[PlyCount "65"]
[EventDate "2019.01.27"]
[EventType "swiss"]
[EventCountry "TUR"]
[SourceTitle "playchess.com"]
[Source "ChessBase"]
[SourceQuality "1"]

1. e4 d6 2. d4 Nf6 3. Nc3 g6 4. f4 Bg7 5. Nf3 O-O 6. e5 Ne8 7. Bc4 e6 8. O-O Nd7 9. f5 Nb6 10. fxg6 Nxc4 11. gxh7+ Kh8 12. Ng5 f6 13. Qh5 Qe7 14. Nce4 dxe5 15. b3 Ncd6 16. dxe5 Nxe4 17. Nxe4 f5 18. Ng5 Bxe5 19. Ba3 Nd6 20. Rae1 Bd4+ 21. Kh1 Qe8 22. Qh4 Bf6 23. Rf3 Nf7 24. Rg3 Nd6 25. Qh6 Bd7 26. Nf3 Qf7 27. Ne5 Bxe5 28. Rxe5 Qxh7 29. Qf4 Qe7 30. Qh6+ Qh7 31. Rxe6 Ne4 32. Bb2+ Rf6 33. Bxf6+ 1-0

[Event "Turkey Cup 2019"]
[Site "Belek"]
[Date "2019.01.31"]
[Round "7.88"]
[White "Karakaya, Mehmet"]
[Black "Ilcin, Murat Veysi"]
[Result "1/2-1/2"]
[WhiteElo "1494"]
[BlackElo "1653"]
[Annotator "NA"]
[PlyCount "83"]
[EventDate "2019.01.27"]
[EventType "swiss"]
[EventCountry "TUR"]
[SourceTitle "playchess.com"]
[Source "ChessBase"]
[SourceQuality "1"]

1. d4 Nf6 2. Nf3 g6 3. Bg5 Bg7 4. Nbd2 d5 5. e3 O-O 6. Bd3 c5 7. c3 Qb6 8. Qb3 c4 9. Qxb6 axb6 10. Bc2 Nc6 11. O-O b5 12. a3 Re8 13. Rfd1 Bg4 14. h3 Bxf3 15. Nxf3 Ra6 16. Bxf6 Bxf6 17. Rac1 Bg7 18. Re1 e6 19. Bb1 Bf8 20. Nd2 f5 21. f4 Nb8 22. Nf3 Nd7 23. Ne5 Nb6 24. Bc2 Rea8 25. Bd1 Bxa3 26. bxa3 Rxa3 27. Re2 Na4 28. Bxa4 R8xa4 29. Rb2 b4 30. Rxb4 Rxb4 31. cxb4 b5 32. Kf2 Ra2+ 33. Kf3 Rb2 34. Ra1 Rxb4 35. Ra8+ Kg7 36. Ra7+ Kf8 37. Ra8+ Kg7 38. Ra7+ Kh6 39. Nf7+ Kh5 40. Ng5 h6 41. Rh7 Kh4 42. g4 1/2-1/2

[Event "Turkey Cup 2019"]
[Site "Belek"]
[Date "2019.01.31"]
[Round "7.89"]
[White "Araboga, Mesut"]
[Black "Atas, Remzi"]
[Result "0-1"]
[WhiteElo "1697"]
[BlackElo "1477"]
[Annotator "NA"]
[PlyCount "64"]
[EventDate "2019.01.27"]
[EventType "swiss"]
[EventCountry "TUR"]
[SourceTitle "playchess.com"]
[Source "ChessBase"]
[SourceQuality "1"]

1. e4 c5 2. Nf3 Nc6 3. Bb5 Qc7 4. Nc3 e6 5. d3 a6 6. Bxc6 Qxc6 7. Ne5 Qc7 8. Nf3 b5 9. O-O Bb7 10. Re1 Nf6 11. e5 Nd5 12. Ne4 Be7 13. Bd2 O-O 14. Rc1 h6 15. c4 Nb6 16. Bf4 Qd8 17. Qd2 Kh7 18. b3 Rc8 19. g4 f5 20. exf6 Bxf6 21. g5 Bxe4 22. Rxe4 hxg5 23. Bxg5 Kg8 24. h4 Bxg5 25. Nxg5 Qf6 26. Rce1 Rce8 27. R1e3 Nc8 28. Rg3 Nd6 29. Reg4 Nf5 30. Rf3 Qg6 31. Rh3 Qh5 32. Qf4 Nh6 0-1

[Event "Turkey Cup 2019"]
[Site "Belek"]
[Date "2019.01.31"]
[Round "7.90"]
[White "Sahin, Fehim"]
[Black "Kurt, Emre"]
[Result "1-0"]
[WhiteElo "1555"]
[BlackElo "1677"]
[Annotator "NA"]
[PlyCount "89"]
[EventDate "2019.01.27"]
[EventType "swiss"]
[EventCountry "TUR"]
[SourceTitle "playchess.com"]
[Source "ChessBase"]
[SourceQuality "1"]

1. d4 d5 2. f4 Nf6 3. Nf3 Bf5 4. e3 e6 5. c4 c6 6. Nc3 Nbd7 7. Bd3 dxc4 8. Bxc4 Bd6 9. Bd3 O-O 10. e4 Bb4 11. exf5 exf5 12. O-O g6 13. Qb3 c5 14. Bc4 Kg7 15. d5 a6 16. a4 Nb6 17. Bd2 Nxc4 18. Qxc4 Qd6 19. Rad1 Rfe8 20. Ne5 h5 21. Qd3 Ng4 22. Nc4 Qd8 23. h3 b5 24. axb5 axb5 25. Nxb5 Bxd2 26. Nxd2 Ne3 27. Nc4 Nxf1 28. Kxf1 Qb8 29. Ncd6 Rd8 30. Qc3+ Kg8 31. Qxc5 Ra5 32. Qc6 Rxb5 33. Nxb5 Qxf4+ 34. Kg1 Qe3+ 35. Kh1 Qe2 36. Nc3 Qxb2 37. d6 Qb8 38. d7 f4 39. Re1 Kf8 40. Nd5 f3 41. gxf3 Qg3 42. Re8+ Kg7 43. Qf6+ Kh6 44. Rh8+ Rxh8 45. Qxh8+ 1-0

[Event "Turkey Cup 2019"]
[Site "Belek"]
[Date "2019.01.31"]
[Round "7.92"]
[White "Caglar, Mehmet Halil"]
[Black "Coban, Hasan"]
[Result "0-1"]
[WhiteElo "1666"]
[BlackElo "1394"]
[Annotator "NA"]
[PlyCount "110"]
[EventDate "2019.01.27"]
[EventType "swiss"]
[EventCountry "TUR"]
[SourceTitle "playchess.com"]
[Source "ChessBase"]
[SourceQuality "1"]

1. e4 e5 2. Nf3 Nc6 3. Bb5 Nf6 4. O-O d6 5. Nc3 Be7 6. d4 exd4 7. Nxd4 Bd7 8. Re1 O-O 9. Bg5 h6 10. Bf4 Nxd4 11. Qxd4 Nh5 12. Bc1 Bf6 13. e5 Re8 14. Bxd7 Qxd7 15. Bxh6 Bxe5 16. Qh4 gxh6 17. Qxh5 Kh7 18. Nd5 Bxb2 19. Rab1 Bg7 20. Re3 c6 21. Rxe8 Rxe8 22. Ne3 Re5 23. Qf3 d5 24. h3 b6 25. c3 Rg5 26. h4 Rg6 27. Nf5 Bxc3 28. Qd3 Kg8 29. Kf1 Bg7 30. f3 Rf6 31. g4 c5 32. Re1 Re6 33. Rxe6 fxe6 34. Ng3 c4 35. Qg6 Qf7 36. Qxf7+ Kxf7 37. Ke2 b5 38. f4 a5 39. f5 b4 40. Kd2 a4 41. fxe6+ Kxe6 42. Nf5 Bc3+ 43. Kc2 h5 44. Nh6 hxg4 45. Nxg4 d4 46. Nf2 Be1 47. Ne4 b3+ 48. axb3 axb3+ 49. Kb2 Bxh4 50. Nc5+ Kd5 51. Na4 Bd8 52. Ka3 d3 53. Nc3+ Kd4 54. Kb2 Ba5 55. Na4 d2 0-1

[Event "Turkey Cup 2019"]
[Site "Belek"]
[Date "2019.01.31"]
[Round "7.93"]
[White "Atas, Yunus"]
[Black "Yildiz, Eyup Ensar"]
[Result "1-0"]
[WhiteElo "1872"]
[BlackElo "1612"]
[Annotator "NA"]
[PlyCount "92"]
[EventDate "2019.01.27"]
[EventType "swiss"]
[EventCountry "TUR"]
[SourceTitle "playchess.com"]
[Source "ChessBase"]
[SourceQuality "1"]

1. e4 c5 2. Nf3 Nc6 3. Bb5 e6 4. O-O Nf6 5. Re1 Be7 6. d4 cxd4 7. Nxd4 O-O 8. Nc3 a6 9. Bf1 Bc5 10. Nb3 Be7 11. Bf4 e5 12. Bg3 d6 13. Qd2 Bg4 14. a4 Qc7 15. Bh4 Be6 16. Nc1 Nd4 17. Bxf6 Bxf6 18. N1e2 Rac8 19. Ng3 g6 20. Bd3 Rfd8 21. a5 Qe7 22. Na4 d5 23. Nb6 Rc7 24. Ne2 Bg4 25. Nxd4 Bg5 26. f4 Bxf4 27. Qf2 dxe4 28. Rxe4 Bxh2+ 29. Kxh2 Rxd4 30. Rxd4 exd4 31. Nd5 Qd6+ 32. Qg3 Rd7 33. Nb6 Rd8 34. Qxd6 Rxd6 35. Re1 Kf8 36. Re5 Be6 37. Be4 h5 38. Bxb7 d3 39. cxd3 Rxd3 40. Bxa6 Rb3 41. Rb5 Rd3 42. Rxh5 Rd2 43. Rb5 Bf5 44. Bb7 Re2 45. Bf3 Rd2 46. a6 Rxg2+ 1-0

[Event "Turkey Cup 2019"]
[Site "Belek"]
[Date "2019.01.31"]
[Round "7.94"]
[White "Yildirim, Kemal"]
[Black "Demirtas, Hafize"]
[Result "0-1"]
[WhiteElo "1669"]
[BlackElo "1929"]
[Annotator "NA"]
[PlyCount "74"]
[EventDate "2019.01.27"]
[EventType "swiss"]
[EventCountry "TUR"]
[SourceTitle "playchess.com"]
[Source "ChessBase"]
[SourceQuality "1"]

1. e4 c5 2. Nf3 g6 3. d4 cxd4 4. Nxd4 Nc6 5. c4 Nf6 6. Nc3 d6 7. Nc2 Bg7 8. Be2 Be6 9. O-O O-O 10. Ne3 Nd7 11. Ned5 Nc5 12. Be3 a5 13. Qc2 Nb4 14. Nxb4 axb4 15. Nd5 Bxd5 16. exd5 Ra6 17. Qd2 Qb6 18. Bd4 Rfa8 19. Bxg7 Kxg7 20. Qd4+ Kg8 21. h4 Rxa2 22. Rxa2 Rxa2 23. h5 Nd7 24. Qh4 Nf6 25. h6 Kf8 26. Qh3 Qc5 27. Bd3 Rxb2 28. Ra1 Qxf2+ 29. Kh1 Ra2 30. Rxa2 Qxa2 31. Qc8+ Ne8 32. c5 Qa1+ 33. Kh2 Qe5+ 34. Kh1 Qh5+ 35. Kg1 Qd1+ 36. Bf1 Qxd5 37. cxd6 exd6 0-1

[Event "Turkey Cup 2019"]
[Site "Belek"]
[Date "2019.01.31"]
[Round "7.95"]
[White "Aydin, Hakan Arda"]
[Black "Eroglu, Berke"]
[Result "1-0"]
[WhiteElo "1915"]
[BlackElo "1442"]
[Annotator "NA"]
[PlyCount "37"]
[EventDate "2019.01.27"]
[EventType "swiss"]
[EventCountry "TUR"]
[SourceTitle "playchess.com"]
[Source "ChessBase"]
[SourceQuality "1"]

1. b3 b6 2. Bb2 Bb7 3. e3 e6 4. Nf3 f5 5. Be2 Nf6 6. O-O Be7 7. c4 O-O 8. Nc3 c5 9. Rc1 h6 10. d4 d6 11. Qc2 Ne4 12. Nd2 Nxd2 13. Qxd2 Nd7 14. dxc5 dxc5 15. Rfd1 Nf6 16. Nb5 a6 17. Qxd8 Rfxd8 18. Nc7 Kf7 19. Nxa8 1-0

[Event "Turkey Cup 2019"]
[Site "Belek"]
[Date "2019.01.31"]
[Round "7.96"]
[White "Erol, Harun Eser"]
[Black "Usluoglu, Servet"]
[Result "0-1"]
[WhiteElo "1464"]
[BlackElo "1783"]
[Annotator "NA"]
[PlyCount "98"]
[EventDate "2019.01.27"]
[EventType "swiss"]
[EventCountry "TUR"]
[SourceTitle "playchess.com"]
[Source "ChessBase"]
[SourceQuality "1"]

1. f4 b6 2. Nf3 Bb7 3. e3 Nf6 4. d4 d5 5. Bd3 Nbd7 6. O-O e6 7. c3 Be7 8. Ne5 Ne4 9. Nd2 Nxd2 10. Bxd2 Nxe5 11. fxe5 f5 12. exf6 gxf6 13. Qf3 Qd6 14. Qh5+ Kd7 15. Be1 Rag8 16. Bg3 Rxg3 17. hxg3 Qxg3 18. Rf3 Qg7 19. Raf1 f5 20. Rh3 h6 21. Kf2 Rg8 22. Rg1 Bg5 23. Rf3 Bc8 24. Kf1 Kc6 25. c4 Kb7 26. Rg3 Rf8 27. cxd5 exd5 28. Ke2 f4 29. exf4 Rxf4 30. Rf1 Qxd4 31. Rxf4 Bxf4 32. Rf3 Qxb2+ 33. Kf1 Qc1+ 34. Kf2 Qd2+ 35. Kf1 Qc1+ 36. Kf2 Bg5 37. Qf7 Qc5+ 38. Kg3 Qd6+ 39. Kf2 Bg4 40. Qf8 Bxf3 41. Qxd6 cxd6 42. Kxf3 Kc6 43. Bc2 Kc5 44. Ke2 b5 45. Kd3 Bf6 46. Bb3 a5 47. Bd1 a4 48. Bf3 b4 49. Bd1 b3 0-1

[Event "Turkey Cup 2019"]
[Site "Belek"]
[Date "2019.01.31"]
[Round "8.1"]
[White "Kamer, Kayra"]
[Black "Tarlabasi, Emirhan"]
[Result "1/2-1/2"]
[WhiteElo "2417"]
[BlackElo "2264"]
[Annotator "TA"]
[PlyCount "40"]
[EventDate "2019.01.27"]
[EventType "swiss"]
[EventCountry "TUR"]
[SourceTitle "playchess.com"]
[Source "ChessBase"]
[SourceQuality "1"]

1. d4 d5 2. Nf3 Nf6 3. Bf4 e6 4. e3 c5 5. c3 Nc6 6. Nbd2 Bd6 7. Bg3 O-O 8. Bb5 a6 9. Bxc6 bxc6 10. Qc2 Be7 11. Ne5 Qb6 12. Bh4 Ra7 13. dxc5 Qxc5 14. Nb3 Qb6 15. Nd4 Bd7 16. Qb3 Qc7 17. Nxd7 Qxd7 18. Qb6 Rc8 19. Bxf6 Bxf6 20. Nb3 Bd8 1/2-1/2

[Event "Turkey Cup 2019"]
[Site "Belek"]
[Date "2019.01.31"]
[Round "8.2"]
[White "Gunduz, Umut Erdem"]
[Black "Eren, Ataberk"]
[Result "1/2-1/2"]
[WhiteElo "2255"]
[BlackElo "2171"]
[Annotator "NA"]
[PlyCount "49"]
[EventDate "2019.01.27"]
[EventType "swiss"]
[EventCountry "TUR"]
[SourceTitle "playchess.com"]
[Source "ChessBase"]
[SourceQuality "1"]

1. e4 e6 2. d4 d5 3. Nc3 Nf6 4. e5 Nfd7 5. f4 c5 6. Nf3 Nc6 7. Be3 Be7 8. Qd2 a6 9. dxc5 Nxc5 10. O-O-O b5 11. Qf2 Na4 12. Nxa4 bxa4 13. Bb6 Qd7 14. Bc5 Rb8 15. c3 a3 16. b3 Na5 17. Bxe7 Qxe7 18. Nd4 Qc5 19. Qc2 Nc6 20. Nxc6 Qxc6 21. Rd4 Bd7 22. h4 Ke7 23. h5 Rhc8 24. Rh3 Qb6 25. Kd2 1/2-1/2

[Event "Turkey Cup 2019"]
[Site "Belek"]
[Date "2019.01.31"]
[Round "8.3"]
[White "Aytekin, Murat Eren"]
[Black "Yilmazyerli, Mert"]
[Result "1/2-1/2"]
[WhiteElo "2163"]
[BlackElo "2436"]
[Annotator "TA"]
[PlyCount "36"]
[EventDate "2019.01.27"]
[EventType "swiss"]
[EventCountry "TUR"]
[SourceTitle "playchess.com"]
[Source "ChessBase"]
[SourceQuality "1"]

1. d4 Nf6 2. c4 e6 3. Nf3 b6 4. g3 c6 5. Bg2 d5 6. cxd5 cxd5 7. O-O Be7 8. Nc3 O-O 9. Ne5 Bb7 10. Qa4 Nfd7 11. Nxd7 Qxd7 12. Qxd7 Nxd7 13. Bd2 Rfc8 14. Rfc1 a6 15. Nd1 b5 16. Rxc8+ Rxc8 17. Rc1 Rxc1 18. Bxc1 Nb8 1/2-1/2

[Event "Turkey Cup 2019"]
[Site "Belek"]
[Date "2019.01.31"]
[Round "8.4"]
[White "Gokerkan, Cem Kaan"]
[Black "Kilic, Efe Mert"]
[Result "1-0"]
[WhiteElo "2420"]
[BlackElo "2241"]
[Annotator "TA"]
[PlyCount "123"]
[EventDate "2019.01.27"]
[EventType "swiss"]
[EventCountry "TUR"]
[SourceTitle "playchess.com"]
[Source "ChessBase"]
[SourceQuality "1"]

1. e4 c6 2. d4 d5 3. e5 Bf5 4. Nd2 e6 5. Nb3 Nd7 6. Nf3 h6 7. Be2 Ne7 8. O-O g5 9. Bd2 a5 10. a4 Qc7 11. Rc1 Bg7 12. Ne1 O-O 13. f4 gxf4 14. Bxf4 Ng6 15. Bg3 Nb6 16. Nc5 Qe7 17. Nf3 h5 18. h3 h4 19. Be1 Bh6 20. Bd2 Nf4 21. Nh2 Nxe2+ 22. Qxe2 Bxd2 23. Qxd2 Kg7 24. Ng4 Rh8 25. Nf6 Rh6 26. Qg5+ Rg6 27. Qxh4 Rh8 28. Nh5+ Kf8 29. Qxe7+ Kxe7 30. Nf4 Rgg8 31. b3 Rb8 32. g4 Bh7 33. Kh2 Nd7 34. Nxd7 Kxd7 35. Rf2 Ke7 36. Kg3 b5 37. Ra1 bxa4 38. Rxa4 Rb5 39. h4 c5 40. Nh3 Bxc2 41. Rxc2 Rxb3+ 42. Kg2 Rxh4 43. Nf2 cxd4 44. Rxa5 Rb7 45. Ra4 f6 46. exf6+ Kxf6 47. Rxd4 Ke5 48. Ra4 Rb6 49. Re2+ Kd6 50. Kg3 Rh8 51. Rf4 Rb3+ 52. Rf3 Rxf3+ 53. Kxf3 e5 54. g5 e4+ 55. Nxe4+ dxe4+ 56. Rxe4 Kd7 57. Kg4 Re8 58. Rxe8 Kxe8 59. Kh5 Kf7 60. Kh6 Kg8 61. Kg6 Kh8 62. Kf7 1-0

[Event "Turkey Cup 2019"]
[Site "Belek"]
[Date "2019.01.31"]
[Round "8.5"]
[White "Kiremitciyan, Ari"]
[Black "Arat, Ufuk Sezen"]
[Result "0-1"]
[WhiteElo "2253"]
[BlackElo "2361"]
[Annotator "TA"]
[PlyCount "96"]
[EventDate "2019.01.27"]
[EventType "swiss"]
[EventCountry "TUR"]
[SourceTitle "playchess.com"]
[Source "ChessBase"]
[SourceQuality "1"]

1. e4 c6 2. d4 d5 3. exd5 cxd5 4. Bd3 Nc6 5. c3 Qc7 6. h3 g6 7. Ne2 Nh6 8. Qb3 e6 9. Bf4 Qd8 10. O-O g5 11. Bg3 f5 12. Nd2 Bg7 13. Qa3 Bf8 14. Qb3 Be7 15. c4 f4 16. Bh2 Nb4 17. Bb1 O-O 18. a3 Nc6 19. Nf3 Nf5 20. Qd3 dxc4 21. Qxc4 Rf7 22. Ba2 Bf6 23. Rad1 Nce7 24. Nc3 Kh8 25. d5 exd5 26. Nxd5 Be6 27. Nxg5 Bxg5 28. Qc3+ Ng7 29. Nc7 Bxa2 30. Rxd8+ Rxd8 31. b3 Rc8 32. Qc2 Ng6 33. Qxa2 Rcxc7 34. b4 h6 35. Qb1 Kh7 36. g3 fxg3 37. Bxg3 Rc6 38. Re1 Nf5 39. b5 Rcf6 40. Re8 Bh4 41. Qd3 a6 42. bxa6 bxa6 43. Re4 Kg7 44. Qc3 Kg8 45. Qc8+ Kh7 46. Qc2 Nxg3 47. Rxh4 Rxf2 48. Qd3 Ne2+ 0-1

[Event "Turkey Cup 2019"]
[Site "Belek"]
[Date "2019.01.31"]
[Round "8.6"]
[White "Koksal, Ege"]
[Black "Yuksel, Atilla Koksal"]
[Result "1-0"]
[WhiteElo "2360"]
[BlackElo "2236"]
[Annotator "NA RC"]
[PlyCount "88"]
[EventDate "2019.01.27"]
[EventType "swiss"]
[EventCountry "TUR"]
[SourceTitle "playchess.com"]
[Source "ChessBase"]
[SourceQuality "1"]

1. d4 e6 2. c4 b6 3. Nc3 Bb7 4. a3 f5 5. Nf3 Nf6 6. g3 g6 7. Bg2 Bg7 8. O-O O-O 9. d5 Na6 10. Bf4 Nc5 11. Nd4 Re8 12. dxe6 Bxg2 13. Kxg2 Nxe6 14. Nxe6 Rxe6 15. Nd5 d6 16. Bg5 c6 17. Nf4 Re8 18. Qd3 h6 19. Bxf6 Qxf6 20. Rad1 Rad8 21. b4 Kh7 22. b5 cxb5 23. cxb5 d5 24. Rc1 Qf7 25. h4 Rd6 26. Rc6 Red8 27. Rfc1 R8d7 28. Rxd6 Rxd6 29. Rc6 Be5 30. Rxd6 Bxd6 31. Nxd5 Bxa3 32. h5 Bd6 33. hxg6+ Qxg6 34. Qd4 Qg7 35. Nf6+ Kg6 36. Qxd6 Qxf6 37. Qxf6+ Kxf6 38. f4 Ke6 39. Kf3 Kd5 40. g4 fxg4+ 41. Kxg4 a5 42. bxa6 Kc6 43. f5 b5 44. f6 Kd5 1-0

[Event "Turkey Cup 2019"]
[Site "Belek"]
[Date "2019.01.31"]
[Round "8.7"]
[White "Aydincelebi, Kagan"]
[Black "Ozen, Bahadir"]
[Result "1/2-1/2"]
[WhiteElo "2206"]
[BlackElo "2349"]
[Annotator "TA"]
[PlyCount "32"]
[EventDate "2019.01.27"]
[EventType "swiss"]
[EventCountry "TUR"]
[SourceTitle "playchess.com"]
[Source "ChessBase"]
[SourceQuality "1"]

1. e4 e5 2. Nf3 Nc6 3. Bb5 Nf6 4. O-O Nxe4 5. Re1 Nd6 6. Nxe5 Be7 7. Bf1 Nxe5 8. Rxe5 O-O 9. d4 Bf6 10. Re1 Re8 11. Rxe8+ Nxe8 12. d5 d6 13. Bd3 Bd7 14. Nd2 Bg5 15. Nf3 Bxc1 16. Qxc1 Nf6 1/2-1/2

[Event "Turkey Cup 2019"]
[Site "Belek"]
[Date "2019.01.31"]
[Round "8.8"]
[White "Olcum, Ahmet"]
[Black "Gulbeyaz, Emir"]
[Result "1/2-1/2"]
[WhiteElo "2320"]
[BlackElo "2179"]
[Annotator "NA RC"]
[PlyCount "58"]
[EventDate "2019.01.27"]
[EventType "swiss"]
[EventCountry "TUR"]
[SourceTitle "playchess.com"]
[Source "ChessBase"]
[SourceQuality "1"]

1. d4 g6 2. Bf4 Bg7 3. Nc3 d6 4. e4 Nd7 5. Nf3 c6 6. a4 Ngf6 7. h3 O-O 8. e5 Ne8 9. Bc4 Nb6 10. Bb3 a5 11. Qe2 Nc7 12. Ne4 Be6 13. exd6 exd6 14. Nxd6 Bxb3 15. cxb3 Ncd5 16. Be5 f6 17. Bg3 Qd7 18. O-O Bh6 19. Rfe1 Nc8 20. Qe6+ Qxe6 21. Rxe6 Nxd6 22. Bxd6 Rfe8 23. Rae1 Rxe6 24. Rxe6 Kf7 25. Re2 Rd8 26. Bc5 Rd7 27. g3 Bf8 28. Bxf8 Kxf8 29. Nd2 Nc7 1/2-1/2

[Event "Turkey Cup 2019"]
[Site "Belek"]
[Date "2019.01.31"]
[Round "8.9"]
[White "Ozkan, Ervin"]
[Black "Sevgi, Volkan"]
[Result "0-1"]
[WhiteElo "2150"]
[BlackElo "2292"]
[Annotator "NA"]
[PlyCount "56"]
[EventDate "2019.01.27"]
[EventType "swiss"]
[EventCountry "TUR"]
[SourceTitle "playchess.com"]
[Source "ChessBase"]
[SourceQuality "1"]

1. d4 Nf6 2. Nf3 b6 3. Bf4 Bb7 4. e3 g6 5. Nbd2 Bg7 6. Bd3 O-O 7. O-O d6 8. h3 Nbd7 9. Bh2 Qe8 10. Qe2 a6 11. e4 e5 12. c3 Nh5 13. Rfe1 Qe7 14. Qe3 h6 15. g4 Nhf6 16. g5 hxg5 17. Qxg5 Rae8 18. d5 Nh5 19. Qxe7 Rxe7 20. Ng5 Bh6 21. h4 f6 22. Ngf3 g5 23. Nc4 g4 24. Nfd2 f5 25. Ne3 Bxe3 26. Rxe3 f4 27. Re2 g3 28. fxg3 fxg3 0-1

[Event "Turkey Cup 2019"]
[Site "Belek"]
[Date "2019.01.31"]
[Round "8.10"]
[White "Yeke, Serkan"]
[Black "Ozenir, Ekin Baris"]
[Result "0-1"]
[WhiteElo "2117"]
[BlackElo "2267"]
[Annotator "NA"]
[PlyCount "140"]
[EventDate "2019.01.27"]
[EventType "swiss"]
[EventCountry "TUR"]
[SourceTitle "playchess.com"]
[Source "ChessBase"]
[SourceQuality "1"]

1. Nf3 Nf6 2. c4 b6 3. g3 Bb7 4. Bg2 g6 5. O-O Bg7 6. Nc3 e6 7. d4 Ne4 8. Nxe4 Bxe4 9. Bg5 Qc8 10. Qd2 h6 11. Be3 Qb7 12. Ne1 Bxg2 13. Nxg2 d6 14. d5 e5 15. f4 Nd7 16. fxe5 Nxe5 17. b3 Qc8 18. Bd4 O-O 19. Rae1 Re8 20. Nf4 Qg4 21. Kg2 Re7 22. Qc3 Rae8 23. e4 h5 24. h3 Qg5 25. h4 Qh6 26. Nh3 Qh8 27. Ng5 Nd7 28. Bxg7 Qxg7 29. Qxg7+ Kxg7 30. Re3 Ne5 31. Rc1 a5 32. a3 Nd7 33. b4 axb4 34. axb4 Ra8 35. Rc2 Ra4 36. Rb3 Nf6 37. Kf3 Nd7 38. Kg2 Ra1 39. Rbb2 Ne5 40. Rb3 Rd1 41. c5 bxc5 42. bxc5 Nd3 43. cxd6 cxd6 44. Rc6 Nc5 45. Re3 f6 46. Rxc5 dxc5 47. Ne6+ Kf7 48. Rc3 Ra7 49. Nxc5 Ra2+ 50. Kf3 f5 51. Kf4 fxe4 52. Kxe4 Re2+ 53. Kf3 Red2 54. Ra3 Rxd5 55. Ra7+ Kg8 56. Ne4 Rf5+ 57. Kg2 Rd8 58. Ra2 Rf7 59. Ra6 Kg7 60. Ra2 Rfd7 61. Re2 Re7 62. Kf3 Rf8+ 63. Kg2 Re5 64. Re3 Rfe8 65. Kf3 g5 66. hxg5 Kg6 67. Re2 R8e6 68. Kf4 Rf5+ 69. Ke3 Rxg5 70. Kf3 Rg4 0-1

[Event "Turkey Cup 2019"]
[Site "Belek"]
[Date "2019.01.31"]
[Round "8.11"]
[White "Isik, Alparslan"]
[Black "Gallevci, Yagiz"]
[Result "1-0"]
[WhiteElo "2244"]
[BlackElo "2034"]
[Annotator "NA"]
[PlyCount "136"]
[EventDate "2019.01.27"]
[EventType "swiss"]
[EventCountry "TUR"]
[SourceTitle "playchess.com"]
[Source "ChessBase"]
[SourceQuality "1"]

1. d4 d5 2. c4 c6 3. Nf3 Nf6 4. g3 Bf5 5. Nc3 e6 6. Nh4 Be4 7. f3 Bg6 8. Qb3 Qb6 9. Nxg6 hxg6 10. e4 dxe4 11. Qxb6 axb6 12. fxe4 Bb4 13. Bg2 Bxc3+ 14. bxc3 Ra4 15. Bf4 Nbd7 16. e5 Ng4 17. h3 Nh6 18. Kd2 O-O 19. Kc2 Rfa8 20. Kb3 Ra3+ 21. Kb2 R3a4 22. Be4 Rxc4 23. Bc2 b5 24. Bxh6 gxh6 25. Bb3 Nb6 26. Bxc4 Nxc4+ 27. Kc2 Na3+ 28. Kb3 Ra4 29. Rh2 b6 30. Rf2 Ra7 31. Kb2 Nc4+ 32. Kc2 Na3+ 33. Kb3 Kf8 34. g4 Kg8 35. h4 Kf8 36. Rf6 Kg7 37. Rf4 Kg8 38. Rf2 Kf8 39. Raf1 Kg7 40. h5 g5 41. Ra1 Kg8 42. d5 cxd5 43. Raf1 Kg7 44. Rxf7+ Rxf7 45. Rxf7+ Kxf7 46. Kxa3 Ke7 47. Kb4 Kd7 48. Kxb5 Kc7 49. Ka6 Kc6 50. a4 Kc5 51. Kb7 Kc4 52. Kxb6 Kxc3 53. a5 d4 54. a6 d3 55. a7 d2 56. a8=Q d1=Q 57. Qc6+ Kb4 58. Qxe6 Qd8+ 59. Kc6 Kc3 60. Qd7 Qa8+ 61. Kd6 Qf8+ 62. Qe7 Qf4 63. Qe6 Kd4 64. Qf6 Qg3 65. Qf5 Qf4 66. Ke6 Kc5 67. Kf6 Kc6 68. Qxf4 gxf4 1-0

[Event "Turkey Cup 2019"]
[Site "Belek"]
[Date "2019.01.31"]
[Round "8.12"]
[White "Makaraci, Tunahan"]
[Black "Dogan, Nazmi Can"]
[Result "1-0"]
[WhiteElo "1915"]
[BlackElo "2244"]
[Annotator "NA"]
[PlyCount "113"]
[EventDate "2019.01.27"]
[EventType "swiss"]
[EventCountry "TUR"]
[SourceTitle "playchess.com"]
[Source "ChessBase"]
[SourceQuality "1"]

1. e4 d6 2. d4 Nf6 3. Nc3 e5 4. Nf3 Nbd7 5. Bc4 Be7 6. O-O O-O 7. a4 a5 8. Re1 c6 9. dxe5 dxe5 10. Qe2 Qc7 11. Bg5 Nc5 12. h3 Ne6 13. Bxe6 Bxe6 14. Qe3 b6 15. Rad1 Bc5 16. Qc1 Nd7 17. b3 f6 18. Be3 Bb4 19. Bd2 Rfd8 20. Nh2 Nf8 21. Nf3 Nd7 22. Nh2 Nf8 23. Nf1 Bf7 24. Ne2 Bd6 25. Ne3 Ne6 26. Nf5 Bf8 27. Be3 Nc5 28. Nc3 Rxd1 29. Rxd1 Rd8 30. Rxd8 Qxd8 31. Qd2 Qxd2 32. Bxd2 Be6 33. g4 Kf7 34. Kg2 g6 35. Ng3 Nd7 36. Be3 Bb4 37. Nge2 f5 38. f3 f4 39. Bf2 Ke7 40. Kf1 Kd8 41. Ke1 Kc7 42. Kd1 h5 43. Kc1 Nf8 44. Kb2 Bc8 45. Nd1 Ba6 46. c4 Bc8 47. Kc2 Ne6 48. Nb2 Ng5 49. Ng1 Nxh3 50. Nxh3 hxg4 51. fxg4 Bxg4 52. Ng5 Be7 53. Bh4 Kd7 54. Nd3 Bf6 55. Nf7 Bxh4 56. Nfxe5+ Ke6 57. Nxg4 1-0

[Event "Turkey Cup 2019"]
[Site "Belek"]
[Date "2019.01.31"]
[Round "8.13"]
[White "Ererdem, Gani Eren"]
[Black "Degirmenci, Yagiz"]
[Result "1/2-1/2"]
[WhiteElo "2137"]
[BlackElo "1872"]
[Annotator "NA"]
[PlyCount "59"]
[EventDate "2019.01.27"]
[EventType "swiss"]
[EventCountry "TUR"]
[SourceTitle "playchess.com"]
[Source "ChessBase"]
[SourceQuality "1"]

1. e4 g6 2. d4 Bg7 3. Nf3 d6 4. Bc4 Nf6 5. Qe2 O-O 6. e5 dxe5 7. dxe5 Nd5 8. h3 c6 9. O-O h6 10. Rd1 Be6 11. Bb3 Qc8 12. c4 Nc7 13. Nc3 Nd7 14. Bf4 Rd8 15. Bc2 Nf8 16. Rxd8 Qxd8 17. Rd1 Qc8 18. b3 Bf5 19. Ne4 Nce6 20. Bc1 Qc7 21. g4 Bxe4 22. Qxe4 Rd8 23. Rxd8 Qxd8 24. Bb2 Qc7 25. b4 a6 26. c5 a5 27. a3 axb4 28. axb4 Qd7 29. Bc3 Nc7 30. Nh2 1/2-1/2